LAS FUERZAS OCULTAS: LA SUGESTION Y LA AUTOSUGESTION/

Salvato in:
Dettagli Bibliografici
Autore principale: Atkinson, William Walker (autor)
Natura: Libro
Soggetti:
Tags: Aggiungi Tag
Nessun Tag, puoi essere il primo ad aggiungerne!!

MARC

LEADER 00000nam^a2200000^a^4500
001 000215521
005 20250521000000.0
009 20260310103628.356
035 |a 013633 
037 |a Acervo Xavier Clavigero 
082 |a 153.  |b ATK 
100 |a Atkinson, William Walker  |e (autor) 
245 1 4 |a LAS FUERZAS OCULTAS:  |b LA SUGESTION Y LA AUTOSUGESTION/  |c WILLIAM WALKER ATKINSON 
264 |a BARCELONA :  |b FELIU Y SUSANNA 
300 |a 243p. 
336 |a texto  |b txt  |2 rdacontenido 
337 |a sin mediación  |b n  |2 rdamedio 
338 |a volumen  |b nc  |2 rdasoporte 
649 |a XX 
650 |a Voluntad 
650 |a Sugestión 
910 |a Fondo General 
920 |a Impresos - Libros 
930 |a Colección General 
905 |a 101 
901 |a 013633  |b IT1  |c ACC  |i 013633  |u 20250521 
902 |a https://opac.biblio.iteso.mx/vufind/Record/000215521